Sports Quiz

Random Sports Quiz

Unusual Sports Terms Quiz Stats

 Plays Quiz not verified by Sporcle

Challenge
Share
Tweet
Embed
Score 0/20 Timer 05:00
0 Plays Today
Sport Term % Correct
Football (American)Flea Flicker
72.1%
BaseballFork Ball
64.8%
BilliardsNine Ball
42.2%
ArcheryQuiver
42.2%
MiscellaneousWhitewashing
38.1%
GolfHonor
33.2%
Skateboarding (and Snowbaording)Nose
30.7%
Snow SkiingCorn Snow
22.5%
FishingTroll
20.5%
Auto RacingFlying Start
19.3%
Sport Term % Correct
Tennis (and other net games)No Man's Land
13.5%
SurfingShortboard
10.2%
EquestrianTack
8.6%
Mountain ClimbingPiton
5.7%
Tennis (and others)Hacker
3.3%
Table TennisPenholder Grip
2.9%
Track and FieldStraddle Roll
1.6%
Figure SkatingNeutral Position
1.2%
Rifle ShootingX-Ring
0.8%
Street LugeSkateboarding
0%

You're not logged in!

Compare scores with friends on all Sporcle quizzes.
Join for Free
OR
Log In

You Might Also Like...

Show Comments

Extras

Created Aug 18, 2010SourceReportNominate

Top Quizzes Today


Score Distribution

Your Account Isn't Verified!

In order to create a playlist on Sporcle, you need to verify the email address you used during registration. Go to your Sporcle Settings to finish the process.

Report this User

Report this user for behavior that violates our Community Guidelines.

Details: